书目信息 |
| 题名: |
电子测量仪器原理
|
|
| 作者: | 陈杰美 , 钱学济 编 | |
| 分册: | 下册 | |
| 出版信息: | 北京 国防工业出版社 1980-1881 |
|
| 页数: | 366页 | |
| 开本: | 25cm | |
| 丛书名: | ||
| 单 册: | ||
| 中图分类: | TM930.1 , TM93 | |
| 科图分类: | ||
| 主题词: | 电子测量设备 , 电气测量 , 电工仪表 | |
| 电子资源: | ||
| ISBN: | ||
| 000 | 00763nam0 2200289 45 | |
| 001 | 0180006387 | |
| 005 | 20040521081417.0 | |
| 010 | @dCNY2.40 | |
| 091 | @a15034.2018 | |
| 100 | @a19950619f19801981em y0chiy0121 ea | |
| 101 | 0 | @achi |
| 102 | @aCN@b110000 | |
| 105 | @ay z 000yy | |
| 106 | @ar | |
| 200 | 10 | @a电子测量仪器原理@h下册@Adian zi ce liang yi qi yuan li@f陈杰美,钱学济编 |
| 210 | @a北京@c国防工业出版社@d1980-1881 | |
| 215 | @a366页@d25cm | |
| 606 | @a电子测量设备 | |
| 606 | 0 | @a电气测量 |
| 606 | 0 | @a电工仪表 |
| 690 | @aTM930.1@v3 | |
| 690 | @aTM93 | |
| 701 | 0 | @a陈杰美@Achen jie mei@4编 |
| 701 | 0 | @a钱学济@Aqian xue ji@4编 |
| 801 | 0 | @aCN@b上海图书馆@c20040521 |
| 801 | 2 | @aCN@bNLC@c20040521 |
| 905 | @f1@b148108@dTM93@e43:2 | |
| 电子测量仪器原理.下册/陈杰美,钱学济编.-北京:国防工业出版社,1980-1881 |
| 366页;25cm |
| ISBN :CNY2.40 |
| ● |
| 相关链接 |
|
|
|
|
正题名:电子测量仪器原理
索取号:TM93/43:2
 
预约/预借
| 序号 | 登录号 | 条形码 | 馆藏地/架位号 | 状态 | 备注 |
| 1 | 0148108 | 001346966 | 第三借阅区/ [索取号:TM93/43:2] | 在馆 | |
| 2 | 0148109 | 001347359 | 第二样本阅览室/ [索取号:TM93/43:2] | 在馆 |